000 00969nac a22002775a 4500
008 090413t2009 njua frb 00| 0 eng d
010 _a 2006045825
020 _a9780136059660 (alk. paper)
020 _a013605966x (alk. paper)
035 _a(OCoLC)ocm69734610
082 0 4 _a005.133
_bLIA
100 1 _93620
_aLiang, Y. Daniel
245 1 0 _aIntroduction to JAVA programming :
_bcomprehensive version /
_cY. Daniel Liang.
246 3 0 _aJAVA programming
250 _a7th ed.
260 _aUpper Saddle River, New Jersey :
_bPearson/Prentice Hall,
_cc. 2009.
300 _a1329 p. :
_bill. ;
_c26 cm.
500 _aIndex : p. 1307-1327.
504 _aIncludes bibliographical references.
590 _aMohamed Hussein
650 0 _aJava (Computer program language)
_93621
_2BUEsh
651 _2BUEsh
653 _bCOMSCI
_cAugust2015
655 _aProgramming in Java- Year 1
_vtext book
_xEngineering
_ySemester 2. 2008/2009
942 _cBB
_k005.133LIA
_2ddc
999 _c13848
_d11289